[Event "Oberliga Ost-B 1718"]
[Site "Germany"]
[Date "2017.11.12"]
[Round "3.6"]
[White "Rolf, Marco"]
[Black "Duncker, Joachim"]
[Result "0-1"]
[WhiteElo "2082"]
[BlackElo "2243"]
[PlyCount "42"]
[EventDate "2017.10.22"]
[EventType "team-tourn"]
[EventRounds "11"]
[EventCountry "GER"]
[SourceTitle "EXT 2019"]
[Source "ChessBase"]
[SourceDate "2018.10.10"]
[SourceVersion "1"]
[SourceVersionDate "2018.10.10"]
[SourceQuality "1"]
[WhiteTeam "Gernsheim"]
[BlackTeam "Marburg"]
[WhiteTeamCountry "GER"]
[BlackTeamCountry "GER"]

1. d4 Nf6 2. c4 g6 3. Nc3 Bg7 4. e4 d6 5. Be2 0-0 6. Be3 e5 7. d5 a5 8. g4 Na6 9. h4 Nc5 10. Bf3 Nfd7 11. h5 Nb6 12. b3 Bd7 13. Qd2 Qe7 14. Nh3 a4 15. Bh6 axb3 16. Bxg7 Kxg7 17. hxg6 hxg6 18. Ng5 Rh8 19. Nh7 Rxh7 20. Rxh7+ Kxh7 21. 0-0-0 g5 0-1

[Event "Oberliga Ost-B 1718"]
[Site "Germany"]
[Date "2017.10.22"]
[Round "1.6"]
[White "Duncker, Joachim"]
[Black "Olesiak, Marcin"]
[Result "1-0"]
[WhiteElo "2243"]
[BlackElo "2076"]
[PlyCount "101"]
[EventDate "2017.10.22"]
[EventType "team-tourn"]
[EventRounds "11"]
[EventCountry "GER"]
[SourceTitle "EXT 2019"]
[Source "ChessBase"]
[SourceDate "2018.10.10"]
[SourceVersion "1"]
[SourceVersionDate "2018.10.10"]
[SourceQuality "1"]
[WhiteTeam "Marburg"]
[BlackTeam "Oberursel"]
[WhiteTeamCountry "GER"]
[BlackTeamCountry "GER"]

1. e4 c5 2. Nc3 Nc6 3. Bb5 Nd4 4. Bc4 e6 5. Nge2 Ne7 6. Nxd4 cxd4 7. Ne2 Nc6 8. d3 Bc5 9. a3 a5 10. 0-0 0-0 11. Ng3 Qh4 12. f4 Ne7 13. Ba2 f5 14. Kh1 b5 15. Bd2 Bb7 16. Qe1 Rf6 17. Rf3 Rh6 18. Nf1 Bb6 19. Qe2 Rc8 20. Rh3 Qf6 21. Rxh6 Qxh6 22. c3 Qg6 23. Ng3 h5 24. Qxh5 Qxh5 25. Nxh5 fxe4 26. dxe4 Bxe4 27. Rc1 Nf5 28. Bb1 Bxb1 29. Rxb1 Kf7 30. g4 Nh4 31. Rf1 d5 32. Be1 dxc3 33. bxc3 g6 34. Bxh4 gxh5 35. f5 e5 36. Rb1 Rxc3 37. g5 Rc5 38. g6+ Kg7 39. Be7 Rc6 40. Rxb5 Rc1+ 41. Kg2 Rc2+ 42. Kh3 Bc7 43. Rxd5 e4 44. Bd6 Bxd6 45. Rxd6 Rf2 46. Rd7+ Kg8 47. Rd5 a4 48. Kh4 e3 49. Kg5 Rd2 50. Re5 e2 51. Re8+ 1-0

[Event "Oberliga Ost-B 1617"]
[Site "Germany"]
[Date "2017.03.19"]
[Round "8.6"]
[White "Duncker, Joachim"]
[Black "Kearns, Christopher"]
[Result "1/2-1/2"]
[WhiteElo "2269"]
[BlackElo "2180"]
[PlyCount "49"]
[EventDate "2016.10.16"]
[EventType "team-tourn"]
[EventRounds "11"]
[EventCountry "GER"]
[SourceTitle "EXT 2018"]
[Source "ChessBase"]
[SourceDate "2017.10.13"]
[SourceVersion "1"]
[SourceVersionDate "2017.10.13"]
[SourceQuality "1"]
[WhiteTeam "Marburg"]
[BlackTeam "Kassel"]
[WhiteTeamCountry "GER"]
[BlackTeamCountry "GER"]

1. e4 c5 2. Nc3 e6 3. g3 d5 4. Bg2 d4 5. Nce2 Nc6 6. d3 Bd6 7. Nh3 h5 8. f4 e5 9. f5 f6 10. Neg1 h4 11. g4 Nce7 12. Nf2 g5 13. fxg6 Nxg6 14. h3 Be6 15. Nf3 Qd7 16. a4 0-0-0 17. Nd2 Nf4 18. Bf3 Ne7 19. Nc4 Neg6 20. b3 Rdg8 21. Ba3 Bf8 22. a5 Qc7 23. Bc1 Kb8 24. Bd2 Bf7 25. Qb1 1/2-1/2

[Event "Oberliga Ost-B 1617"]
[Site "Germany"]
[Date "2017.02.18"]
[Round "6.4"]
[White "Seifert, Christopher"]
[Black "Duncker, Joachim"]
[Result "1-0"]
[WhiteElo "2294"]
[BlackElo "2269"]
[PlyCount "133"]
[EventDate "2016.10.16"]
[EventType "team-tourn"]
[EventRounds "11"]
[EventCountry "GER"]
[SourceTitle "EXT 2018"]
[Source "ChessBase"]
[SourceDate "2017.10.13"]
[SourceVersion "1"]
[SourceVersionDate "2017.10.13"]
[SourceQuality "1"]
[WhiteTeam "Neuberg"]
[BlackTeam "Marburg"]
[WhiteTeamCountry "GER"]
[BlackTeamCountry "GER"]

1. c4 Nf6 2. Nc3 g6 3. e4 d6 4. g3 Bg7 5. Bg2 0-0 6. Nge2 Nc6 7. 0-0 a6 8. d4 Rb8 9. h3 Bd7 10. a4 Na5 11. b3 c5 12. Be3 cxd4 13. Nxd4 Nc6 14. Rc1 e6 15. Qd2 Qe7 16. Nc2 Na5 17. Rb1 Rfc8 18. Ba7 Ra8 19. Bb6 Nc6 20. a5 Be8 21. Rbd1 Bf8 22. f4 Rab8 23. Ne3 Nd7 24. Na4 Nxb6 25. Nxb6 Rd8 26. h4 Bg7 27. Nc2 d5 28. cxd5 Qc5+ 29. Kh2 Nxa5 30. b4 Qxb6 31. bxa5 Qb2 32. Nd4 Qxd2 33. Rxd2 Rbc8 34. Rfd1 Ba4 35. Rb1 Rc4 36. Ne2 exd5 37. e5 Bc6 38. Nd4 Bf8 39. Bf1 Rc5 40. Rb6 Rc1 41. Bxa6 Bc5 42. Bxb7 Bxb6 43. Nxc6 Rd7 44. axb6 Rxb7 45. Nb4 d4 46. Nd5 Rc4 47. Kg2 Kg7 48. Kf3 Rd7 49. Rb2 Rc8 50. Nf6 Rb7 51. Ke4 Rd8 52. Kd3 h6 53. Rb5 g5 54. h5 Ra8 55. Kxd4 Ra3 56. Ne4 Rb8 57. b7 gxf4 58. gxf4 Rf3 59. Kd5 Rxf4 60. Nf6 Rd8+ 61. Kc5 Rf1 62. Nd7 Rc1+ 63. Kb6 Rd1 64. Nf6 Rf1 65. Kc7 Rh8 66. b8Q Rxb8 67. Kxb8 1-0

[Event "Oberliga Ost-B 1617"]
[Site "Germany"]
[Date "2017.01.15"]
[Round "5.5"]
[White "Duncker, Joachim"]
[Black "Engelmann, Jakob"]
[Result "0-1"]
[WhiteElo "2269"]
[BlackElo "2256"]
[PlyCount "56"]
[EventDate "2016.10.16"]
[EventType "team-tourn"]
[EventRounds "11"]
[EventCountry "GER"]
[SourceTitle "EXT 2018"]
[Source "ChessBase"]
[SourceDate "2017.10.13"]
[SourceVersion "1"]
[SourceVersionDate "2017.10.13"]
[SourceQuality "1"]
[WhiteTeam "Marburg"]
[BlackTeam "Sangerhausen"]
[WhiteTeamCountry "GER"]
[BlackTeamCountry "GER"]

1. e4 c6 2. Bc4 d5 3. Bb3 dxe4 4. Qh5 g6 5. Qh4 Nf6 6. Nc3 Bf5 7. f3 exf3 8. Nxf3 Bg7 9. d3 0-0 10. h3 Na6 11. g4 Bd7 12. Bh6 Nc7 13. Ng5 Ncd5 14. Nxd5 cxd5 15. Rf1 Qa5+ 16. c3 Rfe8 17. 0-0-0 Bh8 18. Kb1 Ba4 19. Rf3 Bxb3 20. axb3 Rac8 21. Nxf7 Kxf7 22. g5 Kg8 23. gxf6 exf6 24. Be3 Rc6 25. Bd4 Ra6 26. Qf2 Qa2+ 27. Kc2 Ra3 28. b4 Qb3+ 0-1

[Event "Oberliga Ost-B 1617"]
[Site "Germany"]
[Date "2016.12.04"]
[Round "4.6"]
[White "Minor, Samuel"]
[Black "Duncker, Joachim"]
[Result "1-0"]
[WhiteElo "2189"]
[BlackElo "2269"]
[PlyCount "79"]
[EventDate "2016.10.16"]
[EventType "team-tourn"]
[EventRounds "11"]
[EventCountry "GER"]
[SourceTitle "EXT 2018"]
[Source "ChessBase"]
[SourceDate "2017.10.13"]
[SourceVersion "1"]
[SourceVersionDate "2017.10.13"]
[SourceQuality "1"]
[WhiteTeam "Wiesbaden"]
[BlackTeam "Marburg"]
[WhiteTeamCountry "GER"]
[BlackTeamCountry "GER"]

1. e4 d5 2. exd5 Nf6 3. d4 Bg4 4. Nf3 Qxd5 5. Be2 Nc6 6. h3 Bxf3 7. Bxf3 Qf5 8. 0-0 e6 9. c4 Bd6 10. Qa4 0-0 11. Bxc6 bxc6 12. Qxc6 Rab8 13. Nc3 Rb6 14. Qf3 Qxf3 15. gxf3 c5 16. Na4 Rb4 17. b3 Rxa4 18. bxa4 cxd4 19. Bb2 Bc5 20. Rfd1 Rd8 21. Rab1 g5 22. Bc1 h6 23. Rb5 Nd7 24. f4 f6 25. Kg2 Kf7 26. Bb2 e5 27. fxe5 fxe5 28. h4 Rg8 29. Rd3 gxh4+ 30. Kh3 Ke6 31. Kxh4 Rg2 32. Rd2 Rg1 33. f4 Rh1+ 34. Kg3 exf4+ 35. Kg2 Rh4 36. Re2+ Ne5 37. Rxe5+ Kxe5 38. Rxc5+ Ke4 39. Rd5 Rg4+ 40. Kf2 1-0

[Event "Oberliga Ost-B 1516"]
[Site "Germany"]
[Date "2016.04.10"]
[Round "11.6"]
[White "Duncker, Joachim"]
[Black "Kayser, Felix"]
[Result "1-0"]
[WhiteElo "2240"]
[BlackElo "2136"]
[PlyCount "33"]
[EventDate "2015.09.20"]
[EventType "team-tourn"]
[EventRounds "11"]
[EventCountry "GER"]
[SourceTitle "EXT 2017"]
[Source "ChessBase"]
[SourceDate "2016.10.25"]
[SourceVersion "1"]
[SourceVersionDate "2016.10.25"]
[SourceQuality "1"]
[WhiteTeam "Marburg"]
[BlackTeam "Wiesbaden"]
[WhiteTeamCountry "GER"]
[BlackTeamCountry "GER"]

1. e4 c5 2. Nc3 g6 3. d4 cxd4 4. Qxd4 Nf6 5. Bb5 a6 6. Nd5 axb5 7. Qe5 Nxd5 8. Qxh8 Nc7 9. Bh6 Ne6 10. Nf3 Qa5+ 11. c3 d6 12. Nd4 Nc6 13. 0-0 Ncd8 14. f4 Qa7 15. f5 f6 16. fxe6 Nxe6 17. Kh1 1-0

[Event "Oberliga Ost-B 1516"]
[Site "Germany"]
[Date "2016.04.09"]
[Round "10.6"]
[White "Boehmer, Christian"]
[Black "Duncker, Joachim"]
[Result "0-1"]
[WhiteElo "2208"]
[BlackElo "2240"]
[PlyCount "142"]
[EventDate "2015.09.20"]
[EventType "team-tourn"]
[EventRounds "11"]
[EventCountry "GER"]
[SourceTitle "EXT 2017"]
[Source "ChessBase"]
[SourceDate "2016.10.25"]
[SourceVersion "1"]
[SourceVersionDate "2016.10.25"]
[SourceQuality "1"]
[WhiteTeam "Moerlenbach"]
[BlackTeam "Marburg"]
[WhiteTeamCountry "GER"]
[BlackTeamCountry "GER"]

1. e4 d5 2. exd5 Nf6 3. d4 Bg4 4. Be2 Bxe2 5. Nxe2 Qxd5 6. 0-0 Nc6 7. Na3 e6 8. c4 Qa5 9. Nc2 Be7 10. a3 0-0 11. Qd3 Rad8 12. Bd2 Qh5 13. Nf4 Qf5 14. Qxf5 exf5 15. Bc3 Bd6 16. Ne2 Ne4 17. Rfd1 Nxc3 18. Nxc3 Na5 19. c5 Bf4 20. Rd3 Rfe8 21. g3 Bg5 22. Ne3 Bxe3 23. fxe3 Nc4 24. Nd1 b6 25. Rc3 b5 26. b3 Nd2 27. Nf2 g5 28. Rd1 Nf3+ 29. Kg2 g4 30. h3 h5 31. a4 b4 32. Rcd3 Rd5 33. hxg4 hxg4 34. Nh3 Rdd8 35. Ng1 Ng5 36. Rf1 Rd5 37. Ne2 Nf3 38. Ng1 Ng5 39. Ne2 Nf3 40. Nf4 Rdd8 41. Kf2 Kg7 42. Rh1 Rh8 43. Rdd1 c6 44. Rh5 Rxh5 45. Nxh5+ Kg6 46. Rh1 Nd2 47. Nf4+ Kg7 48. Rh5 Nxb3 49. Nd3 Nd2 50. Rxf5 Ne4+ 51. Kg2 b3 52. Rf4 Nf6 53. Rf2 Nd5 54. Re2 Rb8 55. Nb2 Rb4 56. Re1 f5 57. Kf2 Nc3 58. Ra1 Ne4+ 59. Kg2 Rb8 60. Rd1 a5 61. Rd3 Kf7 62. Rd1 Rh8 63. Rd3 Rb8 64. Rd1 Rb4 65. Rh1 Nc3 66. Rh7+ Ke8 67. Rh8+ Kd7 68. Nd3 b2 69. Ne5+ Ke6 70. Rh6+ Kd5 71. Rd6+ Ke4 0-1

[Event "Oberliga Ost-B 1516"]
[Site "Germany"]
[Date "2016.02.21"]
[Round "8.5"]
[White "Duncker, Joachim"]
[Black "Weiss, Werner"]
[Result "1-0"]
[WhiteElo "2240"]
[BlackElo "2155"]
[PlyCount "101"]
[EventDate "2015.09.20"]
[EventType "team-tourn"]
[EventRounds "11"]
[EventCountry "GER"]
[SourceTitle "EXT 2017"]
[Source "ChessBase"]
[SourceDate "2016.10.25"]
[SourceVersion "1"]
[SourceVersionDate "2016.10.25"]
[SourceQuality "1"]
[WhiteTeam "Marburg"]
[BlackTeam "Liebschwitz"]
[WhiteTeamCountry "GER"]
[BlackTeamCountry "GER"]

1. e4 d6 2. d4 Nf6 3. Nc3 c6 4. g3 Nbd7 5. Bg2 e5 6. Nge2 Be7 7. h3 b5 8. a3 0-0 9. Be3 a6 10. g4 Qc7 11. Ng3 Nb6 12. 0-0 Nc4 13. Bc1 exd4 14. Qxd4 Nd7 15. Nh5 f6 16. b3 Nce5 17. Be3 Bb7 18. Rad1 Rad8 19. Nf4 Nc5 20. b4 g5 21. Nh5 Ne6 22. Qd2 Nc4 23. Qc1 a5 24. Ne2 axb4 25. axb4 c5 26. Nc3 Nxe3 27. fxe3 cxb4 28. Nxb5 Qc4 29. Nd4 Nxd4 30. Rxd4 Qc3 31. Rd3 Qc4 32. Qd2 Rc8 33. Rf2 Qb5 34. Rb3 d5 35. exd5 Rcd8 36. Rd3 Rd6 37. Ng3 Bc8 38. Ne4 Ba6 39. Rd4 Qd7 40. Rxb4 f5 41. Nxd6 Qxd6 42. Rb3 f4 43. Qd4 Bc8 44. exf4 gxf4 45. Rbf3 Bg5 46. c4 h5 47. c5 Qh6 48. gxh5 Qxh5 49. Qe5 Qh6 50. Re2 Bf6 51. Qxf4 1-0

[Event "Oberliga Ost-B 1516"]
[Site "Germany"]
[Date "2016.01.17"]
[Round "7.6"]
[White "Barski, Radoslaw"]
[Black "Duncker, Joachim"]
[Result "1-0"]
[WhiteElo "2292"]
[BlackElo "2240"]
[PlyCount "89"]
[EventDate "2015.09.20"]
[EventType "team-tourn"]
[EventRounds "11"]
[EventCountry "GER"]
[SourceTitle "EXT 2017"]
[Source "ChessBase"]
[SourceDate "2016.10.25"]
[SourceVersion "1"]
[SourceVersionDate "2016.10.25"]
[SourceQuality "1"]
[WhiteTeam "Heusenstamm"]
[BlackTeam "Marburg"]
[WhiteTeamCountry "GER"]
[BlackTeamCountry "GER"]

1. d4 Nf6 2. c4 g6 3. Nc3 Bg7 4. e4 d6 5. Nf3 0-0 6. Be2 e5 7. 0-0 Nc6 8. d5 Ne7 9. Ne1 Nd7 10. Be3 f5 11. f3 f4 12. Bf2 g5 13. Rc1 a6 14. b4 Rf6 15. c5 Rh6 16. Nd3 Qe8 17. Be1 Qh5 18. h3 dxc5 19. bxc5 Nxc5 20. Nf2 Bd7 21. Nb5 Bxb5 22. Bxb5 axb5 23. Rxc5 c6 24. d6 b6 25. Rc1 Qf7 26. dxe7 Qxe7 27. Qb3+ Kh8 28. Nd3 Qd7 29. Nb4 Re8 30. Bf2 Qb7 31. Rfd1 Bf8 32. a3 Rg6 33. Qc3 c5 34. Nd5 h5 35. Rb1 Qc6 36. Qb3 g4 37. hxg4 hxg4 38. fxg4 b4 39. axb4 c4 40. b5 Qc8 41. Qh3+ Rh6 42. Qf3 Bc5 43. g5 Bxf2+ 44. Qxf2 Rg6 45. Nf6 1-0

[Event "Oberliga Ost-B 1516"]
[Site "Germany"]
[Date "2016.01.16"]
[Round "6.6"]
[White "Duncker, Joachim"]
[Black "Koller, Jens"]
[Result "1/2-1/2"]
[WhiteElo "2240"]
[BlackElo "2226"]
[PlyCount "92"]
[EventDate "2015.09.20"]
[EventType "team-tourn"]
[EventRounds "11"]
[EventCountry "GER"]
[SourceTitle "EXT 2017"]
[Source "ChessBase"]
[SourceDate "2016.10.25"]
[SourceVersion "1"]
[SourceVersionDate "2016.10.25"]
[SourceQuality "1"]
[WhiteTeam "Marburg"]
[BlackTeam "Oberursel"]
[WhiteTeamCountry "GER"]
[BlackTeamCountry "GER"]

1. e4 c5 2. Nc3 e6 3. g3 Nc6 4. Bg2 g6 5. f4 d6 6. Nh3 Bg7 7. 0-0 Nge7 8. d3 0-0 9. Kh1 Rb8 10. g4 f5 11. gxf5 exf5 12. Nd5 b5 13. Qe1 Nxd5 14. exd5 Nd4 15. Qd1 b4 16. Bd2 Nb5 17. Qc1 Bb7 18. Ng5 Nc7 19. c4 bxc3 20. Bxc3 Qd7 21. b3 Rfe8 22. Bxg7 Qxg7 23. Ne6 Nxe6 24. dxe6 Bxg2+ 25. Kxg2 Rxe6 26. Qc4 Qf7 27. Rae1 Rbe8 28. Rxe6 Rxe6 29. Rf2 Re1 30. Rd2 Kf8 31. Qxf7+ Kxf7 32. d4 cxd4 33. Rxd4 Re2+ 34. Kg3 Rxa2 35. Rxd6 Ra3 36. Rd7+ Kf6 37. Rb7 h6 38. h4 Ke6 39. h5 gxh5 40. Kh4 Kd5 41. Kxh5 Ra6 42. Re7 Kd4 43. b4 Rb6 44. Re5 Rf6 45. b5 Kc4 46. Kh4 Kb4 1/2-1/2

[Event "Staufer op-A 28th"]
[Site "Schwaebisch Gmuend"]
[Date "2016.01.06"]
[Round "9"]
[White "Duncker, Joachim"]
[Black "Klimentov, Evgeny"]
[Result "1/2-1/2"]
[WhiteElo "2237"]
[BlackElo "2170"]
[PlyCount "114"]
[EventDate "2016.01.02"]
[EventType "swiss"]
[EventRounds "9"]
[EventCountry "GER"]
[SourceTitle "CBM 170 Extra"]
[Source "ChessBase"]
[SourceDate "2016.02.25"]
[SourceVersion "1"]
[SourceVersionDate "2016.02.25"]
[SourceQuality "1"]

1. e4 c5 2. Nc3 Nc6 3. Bb5 g6 4. Bxc6 bxc6 5. d3 Bg7 6. f4 d6 7. h3 f6 8. Nf3 Nh6 9. 0-0 Nf7 10. Qe1 0-0 11. Na4 e5 12. fxe5 Nxe5 13. Nxe5 fxe5 14. b3 Rxf1+ 15. Qxf1 Be6 16. Be3 Qa5 17. Qe1 Qxe1+ 18. Rxe1 Rf8 19. Rf1 Rxf1+ 20. Kxf1 Kf7 21. Ke2 Ke7 22. Nb2 Bf6 23. c4 Kd7 24. Nd1 Bd8 25. Kf3 Bh4 26. Nc3 Kc7 27. Ne2 Kd7 28. Ng1 Kc7 29. Ke2 Kd7 30. Nf3 Bd8 31. Bd2 Kc8 32. Kf2 Kd7 33. Kg3 Be7 34. Kf2 Bd8 35. Ke1 Be7 36. Kd1 Kc7 37. Kc2 Kb7 38. Kb2 Kc7 39. Ka3 Kb6 40. Ka4 Bd7 41. Be3 Kb7 42. Bh6 Kb6 43. Bd2 Kb7 44. Be3 Ka6 45. Bg5 Bf8 46. Bd8 h6 47. Nh4 Be8 48. g4 Bf7 49. Ka3 Kb7 50. Nf3 Be6 51. Kb2 Kc8 52. Bh4 Kd7 53. Bf2 Be7 54. Be3 h5 55. gxh5 gxh5 56. h4 Bg4 57. Ng5 Bxg5 1/2-1/2